LIBRARY & INFORMATION CENTRE, KCAET, TAVANUR

ONLINE PUBLIC ACCESS CATALOGUE (OPAC)

Mudiyanaya putran / (Record no. 414)

MARC details
000 -LEADER
fixed length control field 00433cam a2200181ua 4500
041 ## - LANGUAGE CODE
Language code of text/sound track or separate title mal
082 ## - DEWEY DECIMAL CLASSIFICATION NUMBER
Classification number 894.8122
Item number BHA/MU
100 ## - MAIN ENTRY--AUTHOR NAME
Personal name Bhasi, Thoppil.
245 ## - TITLE STATEMENT
Title Mudiyanaya putran /
260 ## - PUBLICATION, DISTRIBUTION, ETC. (IMPRINT)
Place of publication Quilon :
Name of publisher M.S Book Depot ,
Year of publication 1962.
300 ## - PHYSICAL DESCRIPTION
Number of Pages 197 ; .
942 ## - ADDED ENTRY ELEMENTS (KOHA)
Koha item type Books
Holdings
Withdrawn status Lost status Damaged status Home library Current library Date acquired Full call number Accession Number Koha item type Cost, normal purchase price
      KAUAET KAUAET 07/04/2012 894.8122 1366 Books  
Withdrawn     KAUAET KAUAET 15/11/2023 894.8122 BHA/MU 9544 Books 3.00
Withdrawn     KAUAET Malayalam University 07/04/2012 894.8122 9545 Books  
free website counter